[Event "69th RUS-ch Women Higher League 2019"]
[Site "Yaroslavl"]
[Date "2019.07.06"]
[Round "9.12"]
[White "Ovod, Evgenija"]
[Black "Khokhlova, Daria"]
[Result "1-0"]
[WhiteElo "2361"]
[BlackElo "2234"]
[Annotator "NA"]
[PlyCount "67"]
[EventDate "2019.06.27"]
[EventType "swiss"]
[EventCountry "RUS"]
[SourceTitle "playchess.com"]
[Source "ChessBase"]
[SourceQuality "1"]
[TimeControl "40/5400+30:1800+30"]

1. e4 {[%emt 0:00:00]} c5 {[%emt 0:00:00]} 2. Ne2 {[%emt 0:00:00]} d6 {[%emt 0:00:00]} 3. g3 {[%emt 0:00:00]} g6 {[%emt 0:00:14]} 4. Bg2 {[%emt 0:00:00]} Bg7 {[%emt 0:00:04]} 5. c3 {[%emt 0:00:03]} Nf6 {[%emt 0:00:26]} 6. d4 {[%emt 0:00:17]} O-O {[%emt 0:00:09]} 7. O-O {[%emt 0:00:07]} e5 {[%emt 0:00:51]} 8. d5 {[%emt 0:04:55]} Ne8 {[%emt 0:03:04]} 9. c4 {[%emt 0:01:01]} Na6 {[%emt 0:02:07]} 10. Nec3 {[%emt 0:02:30]} Nac7 {[%emt 0:02:26]} 11. Be3 {[%emt 0:06:17]} Bd7 {[%emt 0:03:43]} 12. a4 {[%emt 0:00:07]} a6 {[%emt 0:02:40]} 13. a5 {[%emt 0:03:19]} Rb8 {[%emt 0:00:39]} 14. Na4 {[%emt 0:22:03]} Bxa4 {[%emt 0:03:31]} 15. Rxa4 {[%emt 0:00:36]} b5 {[%emt 0:00:33]} 16. axb6 {[%emt 0:00:06]} Rxb6 {[%emt 0:00:04]} 17. b4 {[%emt 0:07:36]} Rxb4 {[%emt 0:00:30]} 18. Rxb4 {[%emt 0:00:04]} cxb4 {[%emt 0:00:01]} 19. Qa4 {[%emt 0:00:05]} f5 {[%emt 0:03:32]} 20. Qxb4 {[%emt 0:01:18]} f4 {[%emt 0:08:00]} 21. Bb6 {[%emt 0:00:06]} h5 {[%emt 0:03:41]} 22. Nd2 {[%emt 0:14:20]} g5 {[%emt 0:03:44]} 23. Rc1 {[%emt 0:00:06]} Qe7 {[%emt 0:11:11]} 24. c5 {[%emt 0:07:38]} Nb5 {[%emt 0:00:40]} 25. cxd6 {[%emt 0:00:05]} Nexd6 {[%emt 0:05:23]} 26. Rc6 {[%emt 0:00:08]} Rc8 {[%emt 0:06:05]} 27. Rxc8+ {[%emt 0:07:47]} Nxc8 {[%emt 0:00:01]} 28. Qxe7 {[%emt 0:00:03]} Nxe7 {[%emt 0:00:05]} 29. Nc4 {[%emt 0:00:07]} Kf7 {[%emt 0:04:35]} 30. gxf4 {[%emt 0:01:13]} exf4 {[%emt 0:02:20]} 31. e5 {[%emt 0:00:27]} Ng6 {[%emt 0:05:32]} 32. e6+ {[%emt 0:01:10]} Ke7 {[%emt 0:03:33]} 33. Be4 {[%emt 0:04:53]} Kf6 {[%emt 0:06:25]} 34. d6 {[%emt 0:06:50]} 1-0

[Event "69th RUS-ch Women Higher League 2019"]
[Site "Yaroslavl"]
[Date "2019.07.06"]
[Round "9.13"]
[White "Dordzhieva, Dinara"]
[Black "Diakonova, Ekaterina"]
[Result "1-0"]
[WhiteElo "2306"]
[BlackElo "2196"]
[Annotator "NA"]
[PlyCount "88"]
[EventDate "2019.06.27"]
[EventType "swiss"]
[EventCountry "RUS"]
[SourceTitle "playchess.com"]
[Source "ChessBase"]
[SourceQuality "1"]
[TimeControl "40/5400+30:1800+30"]

1. d4 {[%emt 0:00:00]} Nf6 {[%emt 0:00:00]} 2. c4 {[%emt 0:00:00]} g6 {[%emt 0:00:00]} 3. Nf3 {[%emt 0:00:00]} Bg7 {[%emt 0:00:00]} 4. g3 {[%emt 0:00:00]} O-O {[%emt 0:00:00]} 5. Bg2 {[%emt 0:00:00]} c5 {[%emt 0:00:02]} 6. O-O {[%emt 0:01:04]} cxd4 {[%emt 0:00:04]} 7. Nxd4 {[%emt 0:00:00]} d5 {[%emt 0:00:08]} 8. cxd5 {[%emt 0:03:12]} Nxd5 {[%emt 0:00:06]} 9. Nc3 {[%emt 0:00:07]} Nxc3 {[%emt 0:00:07]} 10. bxc3 {[%emt 0:00:04]} Qa5 {[%emt 0:00:09]} 11. Qb3 {[%emt 0:04:21]} Nc6 {[%emt 0:00:08]} 12. Be3 {[%emt 0:06:53]} Ne5 {[%emt 0:18:31]} 13. h3 {[%emt 0:02:10]} Bd7 {[%emt 0:21:48]} 14. Qxb7 {[%emt 0:21:28]} Rac8 15. Nb3 {[%emt 0:05:04]} Qb5 {[%emt 0:07:33]} 16. Qxb5 {[%emt 0:12:09]} Bxb5 {[%emt 0:00:05]} 17. Rfe1 {[%emt 0:00:09]} Rxc3 {[%emt 0:05:21]} 18. Bxa7 {[%emt 0:00:54]} Rfc8 {[%emt 0:15:22]} 19. Nd4 {[%emt 0:08:47]} Ba4 {[%emt 0:02:43]} 20. Rab1 {[%emt 0:06:34]} Nc6 {[%emt 0:01:09]} 21. Nxc6 {[%emt 0:01:58]} Bxc6 {[%emt 0:00:05]} 22. Rec1 {[%emt 0:01:48]} Bxg2 {[%emt 0:08:11]} 23. Rxc3 {[%emt 0:00:04]} Bxc3 {[%emt 0:00:47]} 24. Kxg2 {[%emt 0:00:05]} Bf6 {[%emt 0:02:51]} 25. Rb8 {[%emt 0:03:06]} Rxb8 {[%emt 0:00:15]} 26. Bxb8 {[%emt 0:00:03]} Bc3 {[%emt 0:00:09]} 27. Kf3 {[%emt 0:02:46]} Kf8 {[%emt 0:00:13]} 28. Ke4 {[%emt 0:00:39]} Ke8 {[%emt 0:00:10]} 29. Kd5 {[%emt 0:00:52]} Kd7 {[%emt 0:00:27]} 30. Ba7 {[%emt 0:00:47]} Kc7 {[%emt 0:01:43]} 31. Kc4 {[%emt 0:01:09]} Be1 {[%emt 0:00:09]} 32. Kb5 {[%emt 0:00:03]} h5 {[%emt 0:00:49]} 33. Be3 {[%emt 0:00:21]} e5 {[%emt 0:00:42]} 34. Kc5 {[%emt 0:00:48]} Kd7 {[%emt 0:03:00]} 35. Kd5 {[%emt 0:00:41]} f6 {[%emt 0:00:21]} 36. Bb6 {[%emt 0:01:23]} Bc3 {[%emt 0:02:10]} 37. a4 {[%emt 0:02:10]} f5 {[%emt 0:00:07]} 38. a5 {[%emt 0:00:38]} f4 {[%emt 0:00:26]} 39. g4 {[%emt 0:00:15]} hxg4 {[%emt 0:00:22]} 40. hxg4 {[%emt 0:00:00]} g5 {[%emt 0:00:00]} 41. a6 {[%emt 0:00:05]} Kc8 {[%emt 0:01:55]} 42. Ke4 {[%emt 0:00:05]} Kb8 {[%emt 0:01:43]} 43. Kf5 {[%emt 0:00:05]} Bd4 {[%emt 0:00:06]} 44. Bxd4 {[%emt 0:00:20]} exd4 {[%emt 0:00:04]} 1-0

[Event "69th RUS-ch Women Higher League 2019"]
[Site "Yaroslavl"]
[Date "2019.07.06"]
[Round "9.14"]
[White "Maletina, Tatiana"]
[Black "Mukhina, Jana"]
[Result "1-0"]
[WhiteElo "2273"]
[BlackElo "2090"]
[Annotator "NA"]
[PlyCount "63"]
[EventDate "2019.06.27"]
[EventType "swiss"]
[EventCountry "RUS"]
[SourceTitle "playchess.com"]
[Source "ChessBase"]
[SourceQuality "1"]
[TimeControl "40/5400+30:1800+30"]

1. d4 {[%emt 0:00:00]} Nf6 {[%emt 0:00:00]} 2. c4 {[%emt 0:00:00]} g6 {[%emt 0:00:00]} 3. f3 {[%emt 0:00:00]} Bg7 {[%emt 0:00:00]} 4. e4 {[%emt 0:00:00]} d6 {[%emt 0:00:00]} 5. Nc3 {[%emt 0:00:00]} O-O {[%emt 0:00:04]} 6. Be3 {[%emt 0:00:00]} Nc6 {[%emt 0:00:35]} 7. Nge2 {[%emt 0:01:27]} a6 {[%emt 0:00:22]} 8. Qd2 {[%emt 0:00:16]} Rb8 {[%emt 0:00:05]} 9. Rc1 {[%emt 0:00:15]} Bd7 {[%emt 0:00:45]} 10. Nd1 {[%emt 0:00:05]} b5 {[%emt 0:01:41]} 11. c5 {[%emt 0:00:27]} Re8 {[%emt 0:04:02]} 12. Nf2 {[%emt 0:08:54]} dxc5 {[%emt 0:09:23]} 13. Rxc5 {[%emt 0:00:05]} e5 {[%emt 0:00:41]} 14. d5 {[%emt 0:01:18]} Nd4 {[%emt 0:05:23]} 15. Nxd4 {[%emt 0:26:34]} exd4 {[%emt 0:00:28]} 16. Bg5 {[%emt 0:05:09]} Bf8 {[%emt 0:15:24]} 17. Nd3 {[%emt 0:00:36]} Nxe4 {[%emt 0:12:28]} 18. fxe4 {[%emt 0:00:25]} Rxe4+ {[%emt 0:00:01]} 19. Kf2 {[%emt 0:00:30]} f6 {[%emt 0:00:55]} 20. Bf4 {[%emt 0:00:06]} Rb7 {[%emt 0:06:52]} 21. Rc1 {[%emt 0:10:15]} g5 {[%emt 0:02:15]} 22. Bg3 {[%emt 0:00:04]} f5 {[%emt 0:10:06]} 23. Be5 {[%emt 0:01:29]} Be8 {[%emt 0:07:07]} 24. Be2 {[%emt 0:02:16]} Be7 {[%emt 0:01:11]} 25. Bf3 {[%emt 0:07:38]} Qxd5 {[%emt 0:01:23]} 26. Rhe1 {[%emt 0:00:50]} c5 {[%emt 0:03:35]} 27. g4 {[%emt 0:02:50]} Qf7 {[%emt 0:03:03]} 28. gxf5 {[%emt 0:00:18]} Rxe1 {[%emt 0:01:42]} 29. Kxe1 {[%emt 0:00:23]} Rb6 {[%emt 0:00:28]} 30. Nxc5 {[%emt 0:01:39]} h5 {[%emt 0:10:36]} 31. Qxd4 {[%emt 0:01:21]} Bc6 {[%emt 0:00:50]} 32. Nd7 {[%emt 0:01:42]} 1-0

[Event "69th RUS-ch Women Higher League 2019"]
[Site "Yaroslavl"]
[Date "2019.07.06"]
[Round "9.15"]
[White "Protopopova, Anastasiya"]
[Black "Kabanova, Ekaterina"]
[Result "1-0"]
[WhiteElo "2272"]
[BlackElo "2099"]
[Annotator "NA"]
[PlyCount "175"]
[EventDate "2019.06.27"]
[EventType "swiss"]
[EventCountry "RUS"]
[SourceTitle "playchess.com"]
[Source "ChessBase"]
[SourceQuality "1"]
[TimeControl "40/5400+30:1800+30"]

1. d4 {[%emt 0:00:00]} Nf6 {[%emt 0:00:00]} 2. c4 {[%emt 0:00:00]} e6 {[%emt 0:00:00]} 3. g3 {[%emt 0:00:01]} d5 {[%emt 0:00:00]} 4. Bg2 {[%emt 0:00:33]} Be7 {[%emt 0:00:00]} 5. Nf3 {[%emt 0:00:04]} O-O {[%emt 0:00:00]} 6. O-O {[%emt 0:00:07]} dxc4 {[%emt 0:00:00]} 7. Qc2 {[%emt 0:00:39]} b5 {[%emt 0:01:01]} 8. a4 {[%emt 0:00:36]} b4 {[%emt 0:03:12]} 9. Nbd2 {[%emt 0:04:49]} Bb7 {[%emt 0:00:24]} 10. Nxc4 {[%emt 0:01:09]} c5 {[%emt 0:00:07]} 11. Rd1 {[%emt 0:05:11]} Be4 {[%emt 0:00:33]} 12. Qb3 {[%emt 0:00:10]} Na6 {[%emt 0:01:37]} 13. Be3 {[%emt 0:04:06]} Nd5 {[%emt 0:01:06]} 14. Rac1 {[%emt 0:01:30]} Qc7 {[%emt 0:04:10]} 15. Ncd2 {[%emt 0:14:23]} Nxe3 {[%emt 0:03:37]} 16. Qxe3 {[%emt 0:00:56]} Bd5 {[%emt 0:00:06]} 17. Qd3 {[%emt 0:02:36]} Qb7 {[%emt 0:01:09]} 18. e4 {[%emt 0:01:27]} Bc6 {[%emt 0:01:10]} 19. b3 {[%emt 0:04:35]} Rfd8 {[%emt 0:00:37]} 20. Qc4 {[%emt 0:22:15]} Rac8 {[%emt 0:03:33]} 21. Bf1 {[%emt 0:08:50]} Nb8 {[%emt 0:05:55]} 22. dxc5 {[%emt 0:01:59]} Nd7 {[%emt 0:00:06]} 23. Qe2 {[%emt 0:10:28]} Nxc5 {[%emt 0:01:33]} 24. Rc4 {[%emt 0:01:39]} Nd3 {[%emt 0:06:15]} 25. Nb1 {[%emt 0:00:37]} Nc5 {[%emt 0:04:52]} 26. Rxd8+ {[%emt 0:00:49]} Rxd8 {[%emt 0:00:01]} 27. Nbd2 {[%emt 0:00:49]} a5 {[%emt 0:05:26]} 28. Nd4 {[%emt 0:02:32]} Be8 {[%emt 0:09:08]} 29. e5 {[%emt 0:00:30]} h6 {[%emt 0:04:40]} 30. Bg2 {[%emt 0:01:11]} Qa6 {[%emt 0:01:49]} 31. Qe3 {[%emt 0:02:21]} Bg5 {[%emt 0:00:42]} 32. f4 {[%emt 0:00:07]} Be7 {[%emt 0:00:01]} 33. h4 {[%emt 0:01:23]} Qb6 {[%emt 0:01:20]} 34. Kh2 {[%emt 0:02:00]} Na6 {[%emt 0:05:43]} 35. Ne4 {[%emt 0:01:26]} Nc5 {[%emt 0:05:27]} 36. Nd2 {[%emt 0:00:06]} Bd7 {[%emt 0:01:45]} 37. Rc1 {[%emt 0:00:50]} Bf8 {[%emt 0:04:16]} 38. Nc4 {[%emt 0:00:28]} Qa6 {[%emt 0:00:13]} 39. Bf1 {[%emt 0:02:34]} Qa7 {[%emt 0:03:13]} 40. Nb5 {[%emt 0:00:00]} Bxb5 {[%emt 0:00:00]} 41. axb5 {[%emt 0:03:45]} Qb8 {[%emt 0:16:14]} 42. Nxa5 {[%emt 0:02:26]} Qa7 {[%emt 0:00:19]} 43. Nc6 {[%emt 0:04:19]} Qa2+ {[%emt 0:01:08]} 44. Kh1 {[%emt 0:03:25]} Rd5 {[%emt 0:06:01]} 45. Nxb4 {[%emt 0:01:39]} Qa3 {[%emt 0:03:08]} 46. Nxd5 {[%emt 0:00:31]} exd5 {[%emt 0:00:01]} 47. Bg2 {[%emt 0:01:34]} d4 {[%emt 0:00:09]} 48. Qg1 {[%emt 0:00:44]} Qxb3 {[%emt 0:00:49]} 49. Qxd4 {[%emt 0:04:27]} Qxg3 {[%emt 0:02:19]} 50. Rxc5 {[%emt 0:00:16]} Qxh4+ {[%emt 0:00:03]} 51. Kg1 {[%emt 0:00:05]} Qe1+ {[%emt 0:00:21]} 52. Kh2 {[%emt 0:00:15]} Qh4+ {[%emt 0:00:17]} 53. Bh3 {[%emt 0:00:08]} Bxc5 {[%emt 0:00:13]} 54. Qxc5 {[%emt 0:00:10]} Qxf4+ {[%emt 0:00:05]} 55. Kg2 {[%emt 0:01:03]} Qe4+ {[%emt 0:00:31]} 56. Kg1 {[%emt 0:01:26]} Qe1+ {[%emt 0:01:00]} 57. Kh2 {[%emt 0:00:36]} Qe2+ {[%emt 0:00:33]} 58. Bg2 {[%emt 0:00:24]} Qh5+ {[%emt 0:00:07]} 59. Kg1 {[%emt 0:01:16]} Qd1+ {[%emt 0:00:05]} 60. Bf1 {[%emt 0:00:07]} Qg4+ {[%emt 0:00:24]} 61. Kf2 {[%emt 0:00:10]} Qf4+ {[%emt 0:00:43]} 62. Ke2 {[%emt 0:01:39]} Qg4+ {[%emt 0:00:12]} 63. Ke1 {[%emt 0:00:45]} Qg3+ {[%emt 0:00:17]} 64. Kd1 {[%emt 0:00:33]} Qb3+ {[%emt 0:00:52]} 65. Kc1 {[%emt 0:01:42]} Qf3 {[%emt 0:01:46]} 66. Bc4 {[%emt 0:00:34]} Qc3+ {[%emt 0:00:58]} 67. Kb1 {[%emt 0:00:05]} Qe1+ {[%emt 0:00:04]} 68. Kc2 {[%emt 0:00:06]} Qe4+ {[%emt 0:00:23]} 69. Bd3 {[%emt 0:00:05]} Qa4+ {[%emt 0:00:09]} 70. Kb2 {[%emt 0:00:06]} g6 {[%emt 0:00:32]} 71. b6 {[%emt 0:00:11]} Qd7 {[%emt 0:01:14]} 72. Be4 {[%emt 0:01:07]} Qd2+ {[%emt 0:00:34]} 73. Ka3 {[%emt 0:00:19]} Qe1 {[%emt 0:00:49]} 74. b7 {[%emt 0:00:46]} Qxe4 {[%emt 0:01:23]} 75. b8=Q+ {[%emt 0:00:08]} Kh7 {[%emt 0:00:02]} 76. Qcc8 {[%emt 0:02:56]} Qe3+ {[%emt 0:00:41]} 77. Ka4 {[%emt 0:00:08]} Qd4+ {[%emt 0:00:33]} 78. Ka5 {[%emt 0:00:30]} Qa1+ {[%emt 0:01:11]} 79. Kb6 {[%emt 0:00:11]} Qb2+ {[%emt 0:00:07]} 80. Kc6 {[%emt 0:00:14]} Qc3+ {[%emt 0:00:18]} 81. Kd7 {[%emt 0:00:13]} Qd4+ {[%emt 0:00:49]} 82. Qd6 {[%emt 0:00:33]} Qa4+ {[%emt 0:00:39]} 83. Kd8 {[%emt 0:00:29]} Qa5+ {[%emt 0:02:41]} 84. Qdc7 {[%emt 0:00:57]} Qd5+ {[%emt 0:00:27]} 85. Ke8 {[%emt 0:00:19]} Kg7 {[%emt 0:01:26]} 86. Q8d7 {[%emt 0:00:34]} Qa8+ {[%emt 0:00:08]} 87. Qcd8 {[%emt 0:00:11]} Qa2 {[%emt 0:00:33]} 88. Qf6+ 1-0

[Event "69th RUS-ch Women Higher League 2019"]
[Site "Yaroslavl"]
[Date "2019.07.06"]
[Round "9.16"]
[White "Afonasieva, Anna"]
[Black "Guseva, Marina"]
[Result "0-1"]
[WhiteElo "2303"]
[BlackElo "2379"]
[Annotator "NA"]
[PlyCount "118"]
[EventDate "2019.06.27"]
[EventType "swiss"]
[EventCountry "RUS"]
[SourceTitle "playchess.com"]
[Source "ChessBase"]
[SourceQuality "1"]
[TimeControl "40/5400+30:1800+30"]

1. d4 {[%emt 0:00:00]} d5 {[%emt 0:00:00]} 2. Nf3 {[%emt 0:00:00]} Nf6 {[%emt 0:00:00]} 3. c4 {[%emt 0:00:00]} c6 {[%emt 0:00:00]} 4. Nc3 {[%emt 0:00:00]} a6 {[%emt 0:00:00]} 5. c5 {[%emt 0:00:01]} Nbd7 {[%emt 0:00:00]} 6. Bf4 {[%emt 0:00:21]} Nh5 {[%emt 0:00:00]} 7. Bd2 {[%emt 0:00:36]} Nhf6 {[%emt 0:00:00]} 8. e3 {[%emt 0:02:16]} g6 {[%emt 0:00:04]} 9. Bd3 {[%emt 0:00:37]} Bg7 {[%emt 0:00:04]} 10. O-O {[%emt 0:03:41]} O-O {[%emt 0:00:04]} 11. h3 {[%emt 0:01:10]} Qc7 {[%emt 0:00:38]} 12. Na4 {[%emt 0:06:27]} e5 {[%emt 0:06:28]} 13. dxe5 {[%emt 0:03:57]} Nxe5 {[%emt 0:00:14]} 14. Bc3 {[%emt 0:03:27]} Nxd3 {[%emt 0:14:39]} 15. Qxd3 {[%emt 0:00:06]} Bf5 {[%emt 0:00:08]} 16. Qe2 {[%emt 0:00:35]} Rae8 {[%emt 0:00:05]} 17. b4 {[%emt 0:03:53]} Be4 {[%emt 0:02:37]} 18. Qb2 {[%emt 0:03:20]} Bxf3 {[%emt 0:07:58]} 19. Bxf6 {[%emt 0:00:24]} Bxf6 {[%emt 0:00:05]} 20. Qxf6 {[%emt 0:00:05]} Be4 {[%emt 0:01:44]} 21. Nc3 {[%emt 0:01:21]} Re6 {[%emt 0:01:53]} 22. Qd4 {[%emt 0:00:44]} g5 {[%emt 0:02:09]} 23. a4 {[%emt 0:07:39]} Rfe8 {[%emt 0:02:18]} 24. Ne2 {[%emt 0:05:10]} Bg6 {[%emt 0:01:50]} 25. Qd2 {[%emt 0:15:03]} Re4 {[%emt 0:00:12]} 26. Ra3 {[%emt 0:02:16]} Qe7 {[%emt 0:09:45]} 27. Rc1 {[%emt 0:07:41]} Rc4 {[%emt 0:05:17]} 28. Rxc4 {[%emt 0:08:27]} dxc4 {[%emt 0:00:04]} 29. Nd4 {[%emt 0:00:15]} a5 {[%emt 0:12:05]} 30. Rc3 {[%emt 0:03:41]} Bd3 {[%emt 0:01:14]} 31. Qb2 {[%emt 0:00:54]} axb4 {[%emt 0:01:06]} 32. Qxb4 {[%emt 0:00:07]} Rd8 {[%emt 0:00:36]} 33. a5 {[%emt 0:06:57]} Rd5 {[%emt 0:08:26]} 34. a6 {[%emt 0:03:52]} bxa6 {[%emt 0:00:04]} 35. Qa5 {[%emt 0:05:24]} Rxc5 {[%emt 0:15:01]} 36. Qxa6 {[%emt 0:00:53]} Qc7 {[%emt 0:03:18]} 37. Ra3 {[%emt 0:00:52]} Kg7 {[%emt 0:01:00]} 38. Qa8 {[%emt 0:03:39]} Qd6 {[%emt 0:00:07]} 39. Ra7 {[%emt 0:01:17]} c3 {[%emt 0:06:09]} 40. Qe8 {[%emt 0:00:00]} Bg6 {[%emt 0:00:00]} 41. Rd7 {[%emt 0:06:35]} Qe5 {[%emt 0:02:46]} 42. Nf5+ {[%emt 0:12:06]} Qxf5 {[%emt 0:10:20]} 43. Rd8 {[%emt 0:00:06]} g4 {[%emt 0:08:27]} 44. hxg4 {[%emt 0:04:43]} Qb1+ {[%emt 0:04:56]} 45. Kh2 {[%emt 0:00:05]} Rd5 {[%emt 0:00:16]} 46. Qh8+ {[%emt 0:09:01]} Kh6 {[%emt 0:00:05]} 47. Qf8+ {[%emt 0:01:30]} Kg5 {[%emt 0:00:05]} 48. Qe7+ {[%emt 0:01:25]} Kxg4 {[%emt 0:03:18]} 49. Rxd5 {[%emt 0:01:03]} cxd5 {[%emt 0:00:08]} 50. Qf6 {[%emt 0:00:34]} Kh5 {[%emt 0:04:01]} 51. f3 {[%emt 0:00:25]} Qb8+ {[%emt 0:00:35]} 52. Kh3 {[%emt 0:00:33]} Kh6 {[%emt 0:00:32]} 53. g4 {[%emt 0:00:26]} c2 {[%emt 0:01:54]} 54. Qd4 {[%emt 0:00:39]} c1=Q {[%emt 0:01:03]} 55. g5+ {[%emt 0:00:14]} Kxg5 {[%emt 0:00:03]} 56. Qh4+ {[%emt 0:00:42]} Kf5 {[%emt 0:00:04]} 57. e4+ {[%emt 0:00:22]} Ke6 {[%emt 0:00:04]} 58. Qg4+ {[%emt 0:00:27]} Ke7 {[%emt 0:00:08]} 59. Qh4+ {[%emt 0:00:15]} Ke8 {[%emt 0:00:06]} 0-1

[Event "69th RUS-ch Women Higher League 2019"]
[Site "Yaroslavl"]
[Date "2019.07.06"]
[Round "9.17"]
[White "Filippova, Darya"]
[Black "Belenkaya, Dina"]
[Result "0-1"]
[WhiteElo "2174"]
[BlackElo "2321"]
[Annotator "NA"]
[PlyCount "102"]
[EventDate "2019.06.27"]
[EventType "swiss"]
[EventCountry "RUS"]
[SourceTitle "playchess.com"]
[Source "ChessBase"]
[SourceQuality "1"]
[TimeControl "40/5400+30:1800+30"]

1. c4 {[%emt 0:00:00]} e5 {[%emt 0:00:00]} 2. g3 {[%emt 0:00:00]} c6 {[%emt 0:00:08]} 3. d4 {[%emt 0:00:20]} e4 {[%emt 0:00:14]} 4. Bg2 {[%emt 0:00:56]} d5 {[%emt 0:00:23]} 5. Nc3 {[%emt 0:00:46]} Bb4 {[%emt 0:00:41]} 6. Nh3 {[%emt 0:08:12]} Ne7 {[%emt 0:01:16]} 7. O-O {[%emt 0:01:36]} O-O {[%emt 0:01:53]} 8. f3 {[%emt 0:02:39]} exf3 {[%emt 0:02:05]} 9. Rxf3 {[%emt 0:01:28]} dxc4 {[%emt 0:01:21]} 10. Rf4 {[%emt 0:17:15]} Ng6 {[%emt 0:02:55]} 11. Rf1 {[%emt 0:01:19]} Bg4 {[%emt 0:04:47]} 12. Nf2 {[%emt 0:01:21]} Be6 {[%emt 0:00:27]} 13. e4 {[%emt 0:00:41]} Na6 {[%emt 0:03:08]} 14. Be3 {[%emt 0:01:14]} Qa5 {[%emt 0:04:07]} 15. Rc1 {[%emt 0:03:50]} Nc7 {[%emt 0:01:53]} 16. Nh3 {[%emt 0:03:53]} f6 {[%emt 0:08:05]} 17. Qe2 {[%emt 0:05:19]} Rad8 {[%emt 0:03:15]} 18. a3 {[%emt 0:03:05]} Bxc3 {[%emt 0:06:20]} 19. Rxc3 {[%emt 0:01:03]} Nb5 {[%emt 0:01:29]} 20. Rxc4 {[%emt 0:00:14]} Bxc4 {[%emt 0:00:53]} 21. Qxc4+ {[%emt 0:00:07]} Kh8 {[%emt 0:00:42]} 22. Nf4 {[%emt 0:05:51]} Nxf4 {[%emt 0:01:42]} 23. gxf4 {[%emt 0:00:26]} Nd6 {[%emt 0:05:40]} 24. Qc2 {[%emt 0:00:44]} Rfe8 {[%emt 0:04:57]} 25. e5 {[%emt 0:03:07]} Nb5 {[%emt 0:01:41]} 26. Qf5 {[%emt 0:02:30]} Rf8 {[%emt 0:08:05]} 27. e6 {[%emt 0:04:30]} Qc7 {[%emt 0:03:30]} 28. Qc5 {[%emt 0:02:56]} Rfe8 {[%emt 0:05:35]} 29. f5 {[%emt 0:02:00]} Qd6 {[%emt 0:00:45]} 30. Qxd6 {[%emt 0:01:57]} Nxd6 {[%emt 0:02:36]} 31. d5 {[%emt 0:01:14]} cxd5 {[%emt 0:01:36]} 32. Bxa7 {[%emt 0:00:51]} Ne4 {[%emt 0:01:11]} 33. Rd1 {[%emt 0:01:55]} g6 {[%emt 0:02:08]} 34. Bb6 {[%emt 0:00:39]} Rd6 {[%emt 0:01:34]} 35. Bxe4 {[%emt 0:00:59]} Rxb6 {[%emt 0:00:17]} 36. Rxd5 {[%emt 0:00:10]} Rxb2 {[%emt 0:03:16]} 37. Rd7 {[%emt 0:01:07]} gxf5 {[%emt 0:07:59]} 38. Bxf5 {[%emt 0:00:42]} Rb5 {[%emt 0:03:13]} 39. Rxh7+ {[%emt 0:04:32]} Kg8 {[%emt 0:00:04]} 40. Rh5 {[%emt 0:00:00]} Re5 {[%emt 0:00:00]} 41. Kg2 {[%emt 0:04:34]} Re7 {[%emt 0:05:55]} 42. Kf3 {[%emt 0:01:14]} Rc7 {[%emt 0:01:51]} 43. h4 {[%emt 0:01:46]} b6 {[%emt 0:05:21]} 44. Kg4 {[%emt 0:00:56]} Rg7+ {[%emt 0:02:31]} 45. Kf4 {[%emt 0:00:14]} Ra7 {[%emt 0:00:26]} 46. Kg4 {[%emt 0:01:36]} Ra4+ {[%emt 0:00:09]} 47. Kf3 {[%emt 0:00:07]} Rxa3+ {[%emt 0:00:03]} 48. Kg4 {[%emt 0:00:08]} Ra4+ {[%emt 0:00:18]} 49. Kf3 {[%emt 0:00:07]} Ra7 {[%emt 0:00:41]} 50. Kg4 {[%emt 0:00:37]} b5 {[%emt 0:00:46]} 51. Kf4 {[%emt 0:00:07]} Rc7 {[%emt 0:00:29]} 0-1

[Event "69th RUS-ch Women Higher League 2019"]
[Site "Yaroslavl"]
[Date "2019.07.06"]
[Round "9.18"]
[White "Markelova, Lubov"]
[Black "Chkhan, Viktoria"]
[Result "1-0"]
[WhiteElo "2186"]
[BlackElo "2141"]
[Annotator "NA"]
[PlyCount "121"]
[EventDate "2019.06.27"]
[EventType "swiss"]
[EventCountry "RUS"]
[SourceTitle "playchess.com"]
[Source "ChessBase"]
[SourceQuality "1"]
[TimeControl "40/5400+30:1800+30"]

1. Nf3 {[%emt 0:00:00]} c5 {[%emt 0:00:00]} 2. c4 {[%emt 0:00:00]} Nf6 {[%emt 0:00:00]} 3. Nc3 {[%emt 0:00:00]} d5 {[%emt 0:00:14]} 4. cxd5 {[%emt 0:00:25]} Nxd5 {[%emt 0:00:04]} 5. e3 {[%emt 0:00:24]} Nc6 {[%emt 0:15:34]} 6. Bb5 {[%emt 0:00:23]} e6 {[%emt 0:00:40]} 7. Ne5 {[%emt 0:03:00]} Bd7 {[%emt 0:03:51]} 8. Nxc6 {[%emt 0:00:20]} Bxc6 {[%emt 0:00:24]} 9. Bxc6+ {[%emt 0:00:06]} bxc6 {[%emt 0:00:03]} 10. O-O {[%emt 0:04:14]} Be7 {[%emt 0:01:06]} 11. Qa4 {[%emt 0:03:29]} Qd7 {[%emt 0:02:53]} 12. Qc4 {[%emt 0:07:24]} Nb4 {[%emt 0:09:08]} 13. b3 {[%emt 0:09:21]} O-O {[%emt 0:02:06]} 14. Ne2 {[%emt 0:04:47]} Qd3 {[%emt 0:04:52]} 15. Qxd3 {[%emt 0:03:05]} Nxd3 {[%emt 0:00:06]} 16. Ba3 {[%emt 0:01:16]} a5 {[%emt 0:17:40]} 17. Nc3 {[%emt 0:03:37]} Rfd8 {[%emt 0:01:33]} 18. Rfd1 {[%emt 0:04:50]} Ra7 {[%emt 0:05:41]} 19. Kf1 {[%emt 0:02:36]} f5 {[%emt 0:00:34]} 20. f4 {[%emt 0:02:26]} Bf6 {[%emt 0:04:52]} 21. Rab1 {[%emt 0:06:07]} Kf7 {[%emt 0:02:34]} 22. Na4 {[%emt 0:00:43]} Rd5 {[%emt 0:01:52]} 23. Ke2 {[%emt 0:04:00]} h6 {[%emt 0:00:38]} 24. g3 {[%emt 0:06:44]} Be7 {[%emt 0:03:41]} 25. Bb2 {[%emt 0:05:01]} Nb4 {[%emt 0:07:08]} 26. Nb6 {[%emt 0:03:44]} Rd8 {[%emt 0:00:34]} 27. Nc4 {[%emt 0:01:49]} Bf6 {[%emt 0:02:33]} 28. Be5 {[%emt 0:01:12]} Ke7 {[%emt 0:05:19]} 29. a3 {[%emt 0:03:17]} Nd5 {[%emt 0:00:09]} 30. Rdc1 {[%emt 0:02:56]} a4 {[%emt 0:02:31]} 31. bxa4 {[%emt 0:00:59]} Rxa4 {[%emt 0:00:36]} 32. Rb7+ {[%emt 0:01:07]} Rd7 {[%emt 0:00:31]} 33. Bd6+ {[%emt 0:00:52]} Ke8 {[%emt 0:00:08]} 34. Rxd7 {[%emt 0:00:40]} Kxd7 {[%emt 0:00:04]} 35. Bxc5 {[%emt 0:01:10]} Be7 {[%emt 0:04:08]} 36. Bxe7 {[%emt 0:05:17]} Kxe7 {[%emt 0:00:20]} 37. d3 {[%emt 0:01:13]} Nc7 {[%emt 0:01:02]} 38. Rb1 {[%emt 0:01:55]} Nb5 {[%emt 0:00:23]} 39. Rb3 {[%emt 0:00:34]} Ra7 {[%emt 0:00:31]} 40. Kd2 {[%emt 0:00:00]} Kf6 {[%emt 0:00:00]} 41. Kc2 {[%emt 0:03:25]} g5 {[%emt 0:00:42]} 42. Kb2 {[%emt 0:04:17]} gxf4 {[%emt 0:00:18]} 43. gxf4 {[%emt 0:00:04]} Ke7 {[%emt 0:06:47]} 44. Rb4 {[%emt 0:01:39]} Rc7 {[%emt 0:04:13]} 45. a4 {[%emt 0:01:51]} Na7 {[%emt 0:00:05]} 46. Ne5 {[%emt 0:01:30]} Kd6 {[%emt 0:01:01]} 47. Kb3 {[%emt 0:01:03]} Nc8 {[%emt 0:00:40]} 48. Rb8 {[%emt 0:02:52]} Kc5 {[%emt 0:00:48]} 49. Nc4 {[%emt 0:07:07]} Ne7 {[%emt 0:02:30]} 50. a5 {[%emt 0:02:49]} h5 {[%emt 0:00:51]} 51. a6 {[%emt 0:02:45]} Ra7 {[%emt 0:01:17]} 52. Rb7 {[%emt 0:00:35]} Nc8 {[%emt 0:00:04]} 53. d4+ {[%emt 0:01:04]} Kd5 {[%emt 0:00:05]} 54. Rxa7 {[%emt 0:03:24]} Nxa7 {[%emt 0:00:04]} 55. Kb4 {[%emt 0:01:22]} Nc8 {[%emt 0:01:10]} 56. h4 {[%emt 0:01:12]} Na7 {[%emt 0:00:27]} 57. Nd2 Nc8 {[%emt 0:00:16]} 58. Nf1 {[%emt 0:01:23]} Ke4 {[%emt 0:01:25]} 59. Kc5 {[%emt 0:00:19]} Kf3 {[%emt 0:00:04]} 60. Kxc6 {[%emt 0:00:46]} Kf2 {[%emt 0:00:09]} 61. Kd7 {[%emt 0:01:21]} 1-0